00414nam a22001457a 4500003000400000005001700004008004100021020001800062040002000080100004300100245005000143250001300193260005400206300000800260OSt20250310130232.0250310b |||||||| |||| 00| 0 eng d a9789386858948 cIIMT University aMenezes, Bernard L.and Kumar, Ravinder aCryptography, Network Security and Cyber Laws a05th ed. aNew DelhibCengage Learning India Pvt. Ltd.c2024 a488